Normal view
MARC view
- الأردن. وزارة الأشغال العامة والإسكان. مجلس البناء الوطني الأردني
Entry Personal Name
001 - CONTROL NUMBER
- control field: 28461
003 - CONTROL NUMBER IDENTIFIER
- control field: JO-AjAnu
005 - DATE AND TIME OF LATEST TRANSACTION
- control field: 20230606074825.0
008 - FIXED-LENGTH DATA ELEMENTS
- fixed length control field: 230606|| aca||aabn | a|a d
040 ## - CATALOGING SOURCE
- Original cataloging agency: JO-AjAnu
- Transcribing agency: JO-AjAnu
100 ## - HEADING--PERSONAL NAME
- Personal name: الأردن. وزارة الأشغال العامة والإسكان. مجلس البناء الوطني الأردني
670 ## - SOURCE DATA FOUND
- Source citation: Work cat.: (JO-AjAnu)14610: الأردن. وزارة الأشغال العامة والإسكان. مجلس البناء الوطني الأردني, author, اصدارات المعايير الدولية لرقابة الجودة والتدقيق والمراجعة وعمليات التأكيد الاخرى والخدمات ذات العلاقة